000 00488nam a22001337a 4500
003 SGT
082 _a617.632
_bC25R
100 _aRai, Ida
245 _aComparative evaluation of the efficacy of Dentine bonding agents alone and in combination with diode laser for the treatment of Dentine hypersensitivity using verbal rate scale & numeric rate scale
_bAn in-vivo study
260 _aGurugram, Haryana
_bSGT University
_c2025
300 _a71
650 _aPeriodontology
942 _2ddc
_cTH
999 _c32105
_d32105